| 000 | 01258nam a2200349 a 4500 | ||
|---|---|---|---|
| 001 | vtls001617994 | ||
| 003 | NLI | ||
| 005 | 20210628133943.0 | ||
| 008 | 121214s1942 ii c 000 0 hin | ||
| 020 | _cRs. 1.00 | ||
| 039 | 9 |
_y201212141927 _zVLOAD |
|
| 040 |
_aNLI _bhineng _cDatasoft_Hindi _eAACR2 |
||
| 041 | 0 | _ahin | |
| 044 | _a ii | ||
| 084 | 0 | 4 | _a181 |
| 100 | 1 |
_6880-01 _aगांधी, मोहनदास करमचन्द _9678872 |
|
| 245 | 1 | 0 |
_6880-02 _aआरोग्य साधन / _cमोहनदास करमचन्द गांधी |
| 250 | _a2nd ed. | ||
| 260 |
_aकलकत्ता : _bहिन्दी पुस्तक एजेन्सी, _c1942 |
||
| 300 |
_a126 p. : _bport. ; _c14 cm. |
||
| 650 | 0 |
_aMedicine _xHistory |
|
| 650 | 0 | _aHygiene | |
| 650 | 0 | _aPublic health | |
| 880 | 1 |
_6100-01(B _aGāṁdhī, Mohanadāsa Karamacanda |
|
| 880 | 1 | 0 |
_6245-02(B _aĀrogya sādhana / _cMohanadāsa Karamacanda Gāṁdhī |
| 887 | _a Zeenat 12.03.2012 (Sandeep Singh 05.04.2012) | ||
| 901 |
_aIMP866 _b12.03.2012 |
||
| 902 | _a181 Gc 92.4 | ||
| 904 |
_cZeenat 12.03.2012 (Sandeep Singh 05.04.2012) _lO 2721 |
||
| 949 |
_AVIRTUAITEM _D10000 _X100 _6IMP000000866HIN |
||
| 942 |
_2ddc _cBKS |
||
| 999 |
_aVIRTUA40 _c1069435 _d1069435 |
||